SILHOUETTES OF A TREASURED HERITAGE (Record no. 7789)
[ view plain ]
| 000 -LEADER | |
|---|---|
| fixed length control field | 00406nam a22001457a 4500 |
| 005 - DATE AND TIME OF LATEST TRANSACTION | |
| control field | 20251014085342.0 |
| 008 - FIXED-LENGTH DATA ELEMENTS--GENERAL INFORMATION | |
| fixed length control field | 251014b |||||||| |||| 00| 0 eng d |
| 020 ## - INTERNATIONAL STANDARD BOOK NUMBER | |
| International Standard Book Number | 9781904213338 |
| 050 ## - LIBRARY OF CONGRESS CALL NUMBER | |
| Classification number | PR6065 |
| Item number | .S123OSa1 OSA |
| 100 ## - MAIN ENTRY--PERSONAL NAME | |
| Personal name | OSAMMOR STELLA IFY |
| 245 ## - TITLE STATEMENT | |
| Title | SILHOUETTES OF A TREASURED HERITAGE |
| 260 ## - PUBLICATION, DISTRIBUTION, ETC. | |
| Place of publication, distribution, etc. | MANCHESTER |
| Name of publisher, distributor, etc. | DELTA MARIA PUBLISHING HOUSE |
| Date of publication, distribution, etc. | c2019 |
| 300 ## - PHYSICAL DESCRIPTION | |
| Extent | vi, 239p |
| 942 ## - ADDED ENTRY ELEMENTS (KOHA) | |
| Source of classification or shelving scheme | Library of Congress Classification |
| Koha item type | Books |
| Suppress in OPAC | No |
| 999 ## - | |
| -- | 7789 |
| -- | 7789 |
| Withdrawn status | Lost status | Source of classification or shelving scheme | Damaged status | Not for loan | Collection | Home library | Current library | Shelving location | Date acquired | Total checkouts | Full call number | Barcode | Date last seen | Copy number | Price effective from | Koha item type |
|---|---|---|---|---|---|---|---|---|---|---|---|---|---|---|---|---|
| Library of Congress Classification | Non-fiction | Business Library (Miotso) | Business Library (Miotso) | General stacks | 03/27/2026 | PR6065 .S123Osa1 OSA | BSSM00003900 | 04/24/2026 | 3 | 03/27/2026 | Books | |||||
| Library of Congress Classification | Non-fiction | Undergraduate Library (Christ Temple) | Undergraduate Library (Christ Temple) | General stacks | 10/14/2025 | PR6065.S123Osa1 OSA | ulct00005134 | 10/14/2025 | 1 | 10/14/2025 | Books | |||||
| Library of Congress Classification | Non-fiction | Undergraduate Library (Christ Temple) | Undergraduate Library (Christ Temple) | General stacks | 11/18/2025 | PR6065.S123Osa1 OSA | ulct00005165 | 11/18/2025 | 1 | 11/18/2025 | Books |